Quiz sur le tennis français - Statistiques

Statistiques générales
  • Ce quiz a été pris 203 fois
  • Le résultat moyen est 9 sur 15
Statistiques - réponses
Question Réponse % Correct
Quel est le dernier joueur français à avoir remporté un tournoi du Grand Chelem ? Yannick Noah
95%
Parmis les tennisman suivant, lequel a-t-il déjà été dans le top 5 du classement ATP ? Jo-Wilfried Tsonga
88%
Quel était le surnom des quatre joueurs suivants : Borotra, Brugnon, Cochet et Lacoste Les mousquetaires
88%
Quel était le surnom de René Lacoste ? Le crocodile
84%
Quelle joueuse a remporté 6 fois Wimbledon ? Suzanne Lenglen
83%
Quel joueur français a disputé la finale de Rolland-Garros en 1988 ? Henri Leconte
64%
Quelle joueuse remporte 2 tournois du Grand Chelem en 2006 ? Amélie Mauresmo
62%
En 1991, quel joueur permet à la France de remporter la Coupe Davis en battant Pete Sampras ? Guy Forget
59%
Quel joueur a atteint les finales de l’US Open (en 1993) et de Wimbledon (en 1997) ? Cédric Pioline
57%
Quel a été le meilleur classement ATP de Yannick Noah, le recordman français dans ce domaine ? Numéro 3
57%
Quel joueur a succédé à Yannick Noah en tant qu'entraîneur de l'équipe de France de la Coupe Davis en 2018 ? Sébastien Grosjean
48%
Quel est le titre du livre écrit par Gilles Simon en 2020 ? Ce sport qui rend fou
47%
Quel était le surnom de Jean Borotra ? Le basque bondissant
40%
Quel est le dernier français à avoir remporté l'US Open ? Henri Cochet
26%
Qui est le recordman français de temps passé dans le top 100 ATP ? Fabrice Santoro
9%
Aucun quiz correspondant
Distribution des résultats
% des personnes avec chaque résultat
Percentile par nombre de réponses
Votre historique - résultats
Vous n’avez pas pris ce quiz